[Event "IECC CL8-2009.04 email"]
[Site "IECC email"]
[Date "2009.07.05"]
[Round "?"]
[White "Davidson, Allan D"]
[Black "Carrizo, Sergio Gaston"]
[Result "0-1"]
[WhiteElo "916"]
[BlackElo "1011"]
[PlyCount "92"]
[EventDate "2009.??.??"]
[EventType "tourn (corr)"]
[EventRounds "4"]
[SourceTitle "Telechess CBM 137"]
[Source "ChessBase"]
[SourceDate "2010.07.15"]
[SourceVersion "1"]
[SourceVersionDate "2010.07.15"]
[SourceQuality "1"]
[WhiteTeam "US of America"]
[BlackTeam "Argentina"]
[WhiteTeamCountry "USA"]
[BlackTeamCountry "ARG"]

1. e4 c6 2. d4 d5 3. e5 Bf5 4. Bd3 Bxd3 5. Qxd3 e6 6. Nf3 c5 7. Bg5 Be7 8. Qb5+ Qd7 9. Qxd7+ Nxd7 10. c3 Bxg5 11. Nxg5 Ne7 12. 0-0 Nc6 13. Nd2 cxd4 14. cxd4 Nxd4 15. Rac1 Ne2+ 16. Kh1 Nxc1 17. Rxc1 Nxe5 18. Rc7 0-0 19. Rxb7 Rfb8 20. Rxb8+ Rxb8 21. b3 Rc8 22. h3 Rc2 23. Ngf3 Nxf3 24. Nxf3 Rxa2 25. g4 Rxf2 26. Ne5 f6 27. Kg1 fxe5 28. Kxf2 a5 29. Ke3 Kf7 30. Kd3 Kf6 31. h4 e4+ 32. Ke3 Ke5 33. h5 d4+ 34. Ke2 Kf4 35. g5 d3+ 36. Kd2 Kf3 37. g6 h6 38. Ke1 e3 39. Kd1 Kf2 40. Kc1 e2 41. Kd2 e1Q+ 42. Kxd3 Qb4 43. Kc2 Ke2 44. Kb2 Kd2 45. Ka1 Qa3+ 46. Kb1 Kc3 0-1

[Event "LSS BI-2009-P-00018"]
[Site "LSS email"]
[Date "2009.04.19"]
[Round "?"]
[White "Carrizo, Sergio Gaston"]
[Black "Bujdak, Pavol"]
[Result "0-1"]
[WhiteElo "1019"]
[BlackElo "1970"]
[PlyCount "56"]
[EventDate "2009.04.20"]
[EventType "tourn (corr)"]
[EventRounds "10"]
[EventCountry "GER"]
[SourceTitle "Corr 2011"]
[Source "ChessBase"]
[SourceDate "2010.08.31"]
[SourceVersion "1"]
[SourceVersionDate "2010.08.31"]
[SourceQuality "1"]

1. d4 d5 2. c4 dxc4 3. e3 Nf6 4. Bxc4 e6 5. Nf3 c5 6. 0-0 a6 7. Qe2 b5 8. Bd3 cxd4 9. Nxd4 e5 10. Nb3 e4 11. Bc2 Qc7 12. Nc3 Bb7 13. a4 b4 14. Nb1 Nbd7 15. a5 Rc8 16. Nd4 Bc5 17. Bb3 0-0 18. Nd2 Ne5 19. h3 Rfd8 20. Nf5 Ba7 21. Re1 Bb8 22. Nf1 Nf3+ 23. gxf3 exf3 24. Qc4 Qxc4 25. Bxc4 Rxc4 26. b3 Rc5 27. N5g3 Be5 28. Rb1 Bc3 0-1

[Event "LSS BI-2009-P-00018"]
[Site "LSS email"]
[Date "2009.04.19"]
[Round "?"]
[White "Carrizo, Sergio Gaston"]
[Black "Siger, Imre Csaba"]
[Result "0-1"]
[WhiteElo "1044"]
[BlackElo "2034"]
[PlyCount "40"]
[EventDate "2009.04.20"]
[EventType "tourn (corr)"]
[EventRounds "10"]
[EventCountry "GER"]
[SourceTitle "Telechess CBM 147"]
[Source "ChessBase"]
[SourceDate "2012.03.16"]
[SourceVersion "1"]
[SourceVersionDate "2012.03.16"]
[SourceQuality "1"]

1. d4 Nf6 2. c4 e6 3. Nc3 Bb4 4. e3 0-0 5. Nge2 d5 6. a3 Bd6 7. cxd5 exd5 8. g3 c6 9. Bg2 Re8 10. Qc2 g6 11. b4 Bf5 12. Qb3 Nbd7 13. 0-0 a5 14. b5 Nb6 15. h3 Nc4 16. Na4 h5 17. Nb2 cxb5 18. Qxb5 Nxa3 19. Qxb7 Nc2 20. Ra4 Nb4 0-1

[Event "LSS BI-2009-P-00018"]
[Site "LSS email"]
[Date "2009.04.19"]
[Round "?"]
[White "Marculescu, Gheorghe"]
[Black "Carrizo, Sergio Gaston"]
[Result "1-0"]
[WhiteElo "1829"]
[BlackElo "999"]
[PlyCount "55"]
[EventDate "2009.04.20"]
[EventType "tourn (corr)"]
[EventRounds "10"]
[EventCountry "GER"]
[SourceTitle "Corr 2011"]
[Source "ChessBase"]
[SourceDate "2010.08.31"]
[SourceVersion "1"]
[SourceVersionDate "2010.08.31"]
[SourceQuality "1"]

1. d4 d5 2. Nf3 Nf6 3. Nc3 c6 4. Bf4 Bf5 5. e3 Qb6 6. Bd3 Bg6 7. Rb1 e6 8. 0-0 Be7 9. b4 a6 10. Ne5 Bxd3 11. Na4 Qd8 12. cxd3 0-0 13. Nc5 b6 14. Na4 Nfd7 15. Nf3 c5 16. bxc5 bxc5 17. Qb3 Nc6 18. Nxc5 Nxc5 19. dxc5 Rc8 20. d4 Na5 21. Qd3 Nc4 22. Rb7 Bf6 23. Rfb1 Qa5 24. Qd1 h6 25. R1b4 g5 26. Bg3 Rc6 27. Nd2 Rfc8 28. Qh5 1-0

[Event "LSS OP-2008-0-00658"]
[Site "LSS email"]
[Date "2008.10.15"]
[Round "?"]
[White "Tanti, Joseph G"]
[Black "Carrizo, Sergio Gaston"]
[Result "1-0"]
[WhiteElo "1942"]
[BlackElo "800"]
[PlyCount "79"]
[EventDate "2008.10.14"]
[EventType "tourn (corr)"]
[EventRounds "4"]
[EventCountry "GER"]
[SourceTitle "Corr 2011"]
[Source "ChessBase"]
[SourceDate "2010.08.31"]
[SourceVersion "1"]
[SourceVersionDate "2010.08.31"]
[SourceQuality "1"]

1. e4 d5 2. d4 dxe4 3. Nc3 Nf6 4. f3 exf3 5. Qxf3 c6 6. Be3 Bg4 7. Qg3 Qb6 8. Bd2 Nbd7 9. Be2 Qxd4 10. 0-0-0 Bxe2 11. Ngxe2 Qc4 12. Bf4 e6 13. Rd4 Qc5 14. Rd2 e5 15. Bg5 0-0-0 16. Rhd1 Qc4 17. Kb1 Qe6 18. Be3 b6 19. h3 Bc5 20. Bxc5 Nxc5 21. Rxd8+ Rxd8 22. Rxd8+ Kxd8 23. Qxg7 Kc7 24. g4 h5 25. g5 Ne8 26. Qh8 Nd6 27. Qxh5 Qf5 28. h4 b5 29. Nc1 b4 30. Nd1 Nde4 31. Ne3 Qf4 32. Nc4 Ng3 33. Qh8 Nd7 34. Na5 Qf1 35. Qa8 Qa6 36. Nab3 e4 37. h5 Nxh5 38. Qh8 Nf4 39. Qh2 Qf1 40. Nd2 1-0